[Event "PRO League Eastern 2017"]
[Site "chess.com INT"]
[Date "2017.01.25"]
[Round "3"]
[White "Kotepalli, Sai Nirupama"]
[Black "Vaibhav, Suri"]
[Result "0-1"]
[WhiteTitle "WFM"]
[BlackTitle "GM"]
[WhiteElo "1978"]
[BlackElo "2552"]
[WhiteTeam "Amaravati Yodhas"]
[BlackTeam "Delhi Dynamite"]
[WhiteFideId "5039444"]
[BlackFideId "5045185"]
[EventDate "2017.01.11"]

1. d4 Nf6 2. Bf4 d5 3. e3 c5 4. c3 Nc6 5. Nd2 e6 6. Ngf3 Nh5 7. Bg3 Nxg3 8. hxg3
Bd6 9. Bd3 h6 10. Qe2 Qb6 11. Rb1 Bd7 12. dxc5 Bxc5 13. O-O O-O 14. e4 Qc7 15.
Bc2 Ne7 16. e5 a6 17. Bd3 Rae8 18. Nh2 g6 19. Qf3 Qxe5 20. Ng4 Qd6 21. Nf6+ Kg7
22. Nxe8+ Rxe8 23. Rbd1 b5 24. Qe2 Qxg3 25. Nb3 Bb6 26. Rfe1 Qc7 27. Nd4 Nc6 28.
Nf3 e5 29. Bc2 e4 30. Nh2 Be6 31. Bb3 Rd8 32. Ng4 Na5 33. Bc2 f5 34. Ne3 Nc4 35.
Nxc4 bxc4 36. b3 Ba5 37. Qe3 cxb3 38. Bxb3 Bxc3 39. Re2 d4 40. Qc1 Bxb3 41. axb3
d3 42. Ra2 Rd6 43. Qf4 a5 44. Rc1 Rc6 45. Qxc7+ Rxc7 46. Kf1 Kf6 47. Ra4 Ke5 48.
Rd1 Rb7 49. Ra3 Bb4 50. Ra2 Rc7 51. g3 Kd4 52. Kg2 g5 53. f3 e3 54. f4 gxf4 55.
gxf4 Ke4 56. Kg3 Rg7+ 57. Kh3 e2 0-1

[Event "PRO League Eastern 2017"]
[Site "chess.com INT"]
[Date "2017.01.25"]
[Round "3"]
[White "Svicevic, Rastko"]
[Black "Cawdery, Daniel"]
[Result "0-1"]
[WhiteTitle "FM"]
[BlackTitle "IM"]
[WhiteElo "2189"]
[BlackElo "2418"]
[WhiteTeam "Belgrade Sparrows"]
[BlackTeam "Johannesburg Koeksisters"]
[WhiteFideId "916315"]
[BlackFideId "14300249"]
[EventDate "2017.01.11"]

1. d4 Nf6 2. Bg5 Ne4 3. Bf4 c5 4. dxc5 d5 5. cxd6 Qb6 6. Be3 Qxb2 7. Bd4 Qb4+ 8.
c3 Qxd6 9. Nd2 Nxd2 10. Qxd2 e5 11. Be3 Qxd2+ 12. Bxd2 Nc6 13. e4 Be6 14. Nf3 f6
15. Bb5 Bc5 16. Ba4 O-O-O 17. Bb3 Rhe8 18. Ke2 Na5 19. Be3 Bxb3 20. axb3 Nxb3
21. Ra4 Bxe3 22. Kxe3 Kb8 23. Rb1 Nc5 24. Rc4 Rc8 25. Rcb4 b6 26. Nd2 Red8 27.
Ke2 Nd3 28. Rc4 Nf4+ 29. Ke1 Nxg2+ 30. Kf1 Rxd2 31. Rxc8+ Kxc8 32. Kxg2 Rc2 33.
Rb3 Kc7 34. Kg3 a5 35. h4 Kc6 36. f4 a4 37. Ra3 b5 38. fxe5 fxe5 39. Kg4 Rf2 0-1

[Event "PRO League Eastern 2017"]
[Site "chess.com INT"]
[Date "2017.01.25"]
[Round "3"]
[White "Klimakovs, Sergejs"]
[Black "Shaposhnikov, Evgeny"]
[Result "0-1"]
[BlackTitle "GM"]
[WhiteElo "2300"]
[BlackElo "2557"]
[WhiteTeam "Riga Magicians"]
[BlackTeam "Gorky Stormbringers"]
[WhiteFideId "11602066"]
[BlackFideId "4122232"]
[EventDate "2017.01.11"]

1. e4 c5 2. Nf3 e6 3. d4 cxd4 4. Nxd4 a6 5. Nc3 Qc7 6. g3 Bb4 7. Qd3 Nf6 8. Bg2
Nc6 9. f4 d5 10. Bd2 Bc5 11. Nxc6 bxc6 12. O-O-O O-O 13. Na4 Be7 14. e5 Nd7 15.
h4 a5 16. h5 Ba6 17. Qf3 Bb5 18. Nc3 Bc4 19. Kb1 a4 20. Ka1 Rfb8 21. Bc1 Qb6 22.
h6 g6 23. g4 Ra7 24. Bf1 Bxf1 25. Rhxf1 Ba3 26. Nb5 Bxb2+ 27. Bxb2 Qxb5 28. Ba3
Rab7 29. f5 exf5 30. gxf5 Nxe5 31. Qc3 f6 32. fxg6 Qc4 33. gxh7+ Kxh7 34. Qh3
Qg4 35. Qxg4 Nxg4 36. Bd6 Ne3 37. Rc1 Rb1+ 0-1

[Event "PRO League Eastern 2017"]
[Site "chess.com INT"]
[Date "2017.01.25"]
[Round "3"]
[White "Klimakovs, Sergejs"]
[Black "Yatzenko, Anton"]
[Result "1/2-1/2"]
[WhiteElo "2300"]
[BlackElo "2361"]
[WhiteTeam "Riga Magicians"]
[BlackTeam "Gorky Stormbringers"]
[WhiteFideId "11602066"]
[BlackFideId "4157826"]
[EventDate "2017.01.11"]

1. e4 e5 2. Nf3 Nc6 3. Bb5 a6 4. Ba4 Nf6 5. O-O Be7 6. Re1 b5 7. Bb3 O-O 8. a4
b4 9. d3 d6 10. Nbd2 Na5 11. Ba2 Be6 12. Bxe6 fxe6 13. c3 c5 14. cxb4 cxb4 15.
d4 exd4 16. Nxd4 Qd7 17. N2f3 Ng4 18. Bd2 Qe8 19. h3 Ne5 20. Nxe5 dxe5 21. Nxe6
Rxf2 22. Kxf2 Qf7+ 23. Kg1 Qxe6 24. Qg4 Qxg4 25. hxg4 Nc4 26. Bc1 Bc5+ 27. Kh2
Bd4 28. a5 Rb8 29. Re2 b3 30. Ra4 Rc8 31. Rb4 Nxa5 32. Be3 Rc2 33. Rxc2 bxc2 34.
Rb8+ Kf7 35. Bc1 Nc6 36. Rc8 Nb4 37. Rc4 a5 38. Kg3 Ke6 39. b3 Kd7 40. g5 g6 41.
Kg4 Ke6 42. Kg3 Kd7 43. Kg4 Ke6 44. Kg3 1/2-1/2

[Event "PRO League Eastern 2017"]
[Site "chess.com INT"]
[Date "2017.01.25"]
[Round "3"]
[White "Sidhant, Mohapatra"]
[Black "Lenic, Luka"]
[Result "1-0"]
[BlackTitle "GM"]
[WhiteElo "2267"]
[BlackElo "2641"]
[WhiteTeam "Odisha Express"]
[BlackTeam "Ljubljana Direwolves"]
[WhiteFideId "5028698"]
[BlackFideId "14603853"]
[EventDate "2017.01.11"]

1. e4 e5 2. Nf3 Nc6 3. Bb5 a6 4. Ba4 Nf6 5. O-O b5 6. Bb3 Bb7 7. Nc3 Be7 8. d3
O-O 9. a3 d6 10. Bg5 Qd7 11. h3 Rae8 12. a4 Na5 13. Bxf6 Bxf6 14. Bd5 b4 15.
Bxb7 bxc3 16. Bxa6 cxb2 17. Ra2 Rb8 18. Qb1 Qc6 19. Bc4 Nxc4 20. dxc4 Qxc4 21.
Rxb2 Rxb2 22. Qxb2 Qxa4 23. Qc3 Rc8 24. Rb1 g6 25. Nd2 Bg5 26. Nf3 Bh6 27. Re1
Bf8 28. g3 c6 29. Nd2 Rb8 30. Rd1 Qd4 31. Qxc6 Rb2 32. Kg2 h5 33. Nc4 Qxd1 34.
Nxb2 Qe2 35. h4 f5 36. Qd5+ Kg7 37. Qb7+ Kg8 38. Qd5+ Kg7 39. exf5 gxf5 40. Nc4
Qxc2 41. Nxd6 Bxd6 42. Qxd6 Qe4+ 43. Kh2 Qe2 44. Qe7+ Kg8 45. Qg5+ Kh8 46. Qxf5
e4 47. Kg2 Kg7 48. g4 hxg4 49. Kg3 e3 50. Qg5+ Kf7 51. Qxe3 Qf1 52. Kxg4 Qg2+
53. Qg3 Qf1 54. h5 Kg7 55. Kg5 Qc1+ 56. Kf5+ Kh8 57. Qe5+ Kh7 58. Qe7+ Kh8 59.
f4 Qc2+ 60. Kf6 Qc3+ 61. Qe5 Qg3 62. Qe8+ Kh7 63. Qg6+ 1-0

[Event "PRO League Eastern 2017"]
[Site "chess.com INT"]
[Date "2017.01.25"]
[Round "3"]
[White "De Abreu, Roberto N"]
[Black "Arsovic, Goran"]
[Result "0-1"]
[WhiteTitle "FM"]
[BlackTitle "IM"]
[WhiteElo "2110"]
[BlackElo "2401"]
[WhiteTeam "Johannesburg Koeksisters"]
[BlackTeam "Belgrade Sparrows"]
[WhiteFideId "14307472"]
[BlackFideId "901792"]
[EventDate "2017.01.11"]

1. d4 Nf6 2. c4 g6 3. g3 Bg7 4. Bg2 O-O 5. Nc3 d6 6. Nf3 c6 7. O-O Qb6 8. e4 Bg4
9. h3 Bxf3 10. Bxf3 Nfd7 11. Be3 c5 12. Nd5 Qd8 13. dxc5 dxc5 14. Qb3 Nc6 15.
Qxb7 e6 16. Qxc6 Ne5 17. Qc7 exd5 18. Qxd8 Rfxd8 19. Be2 d4 20. Bg5 d3 21. Bd1
Rd4 22. b3 Rxe4 23. Rb1 Rc8 24. Be3 a5 25. Kg2 h5 26. Bf3 Nxf3 27. Kxf3 Re6 28.
Rfd1 Rd6 29. Bd2 Bd4 30. Be3 Bxe3 31. Kxe3 Re8+ 32. Kf3 Re2 33. Rxd3 Rxf2+ 34.
Kxf2 Rxd3 35. a3 h4 36. gxh4 Rxh3 37. b4 axb4 38. axb4 cxb4 39. Rxb4 Rxh4 40.
Rb8+ Kg7 41. Rc8 g5 42. c5 Rc4 43. c6 Kf6 44. Ke3 Kf5 45. c7 g4 46. Kd3 Rc1 47.
Kd2 Rc6 48. Ke2 Kf4 49. Kf2 f5 50. Kg2 Rc2+ 51. Kg1 Kf3 52. Rf8 Rc1+ 53. Kh2 g3+
54. Kh3 Rh1# 0-1

[Event "PRO League Eastern 2017"]
[Site "chess.com INT"]
[Date "2017.01.25"]
[Round "3"]
[White "Swapnil, S. Dhopade"]
[Black "Balabaev, Timur"]
[Result "1-0"]
[WhiteTitle "GM"]
[BlackTitle "IM"]
[WhiteElo "2527"]
[BlackElo "2393"]
[WhiteTeam "Mumbai Movers"]
[BlackTeam "Shymkent Nomads"]
[WhiteFideId "5019184"]
[BlackFideId "13700847"]
[EventDate "2017.01.11"]

1. d4 Nf6 2. c4 d6 3. Nf3 g6 4. Nc3 Bg7 5. e4 O-O 6. h3 e5 7. d5 a5 8. g4 Na6 9.
Be3 Nc5 10. Nd2 Ne8 11. h4 f5 12. g5 c6 13. f3 cxd5 14. cxd5 b6 15. Bb5 Nc7 16.
Bc4 Bd7 17. Qe2 Rb8 18. a4 f4 19. Bxc5 bxc5 20. b3 Rb4 21. Kd1 Qe7 22. Kc2 Rfb8
23. Rag1 Qe8 24. Rh2 Qf7 25. Rgh1 Qe7 26. Qg2 Be8 27. Ndb1 R8b7 28. Na3 Bf8 29.
Qe2 Bg7 30. Ra1 Qd7 31. Nab5 Qe7 32. Nxc7 Rxc7 33. Bb5 Rc8 34. Bc4 Rc7 35. Nb1
Rc8 36. Na3 Rcb8 37. Nb5 Rb6 38. Rhh1 Rb7 39. Ra2 Rb8 40. Kc3 Rb7 41. Rc1 Qf8
42. Na3 Qf7 43. Bb5 Rb8 44. Rb1 Qb7 45. Rab2 Qf7 46. Bxe8 Qxe8 47. Nc4 Qd8 48.
Qg2 Qc7 49. Rh1 Bf8 50. h5 Qf7 51. Qg4 Be7 52. Rh3 Bf8 53. hxg6 hxg6 54. Qh4 Qg7
55. Qg4 Re8 56. Rbh2 Rbb8 57. Nxa5 Rb4 58. Nc6 Rb7 59. a5 c4 60. b4 Rc7 61. Kxc4
Ree7 62. b5 1-0

[Event "PRO League Eastern 2017"]
[Site "chess.com INT"]
[Date "2017.01.25"]
[Round "3"]
[White "Swapnil, S. Dhopade"]
[Black "Bigabylov, Zhuban"]
[Result "1-0"]
[WhiteTitle "GM"]
[WhiteElo "2527"]
[BlackElo "2216"]
[WhiteTeam "Mumbai Movers"]
[BlackTeam "Shymkent Nomads"]
[WhiteFideId "5019184"]
[BlackFideId "13701495"]
[EventDate "2017.01.11"]

1. d4 Nf6 2. Bg5 Ne4 3. Bf4 g6 4. f3 Nf6 5. e4 d6 6. Nc3 Bg7 7. Qd2 O-O 8. Bh6
c5 9. d5 e6 10. Bxg7 Kxg7 11. Bc4 e5 12. Nge2 a6 13. a4 Nbd7 14. O-O Rb8 15. Kh1
Nb6 16. Ba2 Nfd7 17. a5 Na8 18. Nd1 b5 19. axb6 Rxb6 20. c3 Nc7 21. Ne3 Rb8 22.
Bb1 Nb5 23. Nc4 f5 24. f4 fxe4 25. Bxe4 Nf6 26. Bc2 e4 27. Ng3 Re8 28. Rfe1 Nc7
29. Nxe4 Ncxd5 30. Nexd6 Rxe1+ 31. Rxe1 Bd7 32. f5 Bc6 33. fxg6 hxg6 34. Qg5 Ne7
35. Rxe7+ 1-0

[Event "PRO League Eastern 2017"]
[Site "chess.com INT"]
[Date "2017.01.25"]
[Round "3"]
[White "Dhulipalla, Bala Chandra Prasad"]
[Black "Nishant, Malhotra"]
[Result "1-0"]
[WhiteElo "2353"]
[BlackElo "2186"]
[WhiteTeam "Amaravati Yodhas"]
[BlackTeam "Delhi Dynamite"]
[WhiteFideId "25005812"]
[BlackFideId "5099129"]
[EventDate "2017.01.11"]

1. d4 d5 2. Bf4 Nf6 3. e3 c5 4. Nf3 Nc6 5. Nbd2 Qb6 6. dxc5 Qxb2 7. Rb1 Qc3 8.
Bb5 e6 9. O-O Be7 10. Ne5 Bd7 11. Nxd7 Nxd7 12. e4 O-O 13. exd5 exd5 14. Ne4
dxe4 15. Qxd7 Qxc5 16. Qxb7 Rac8 17. Be3 Qd6 18. Rfd1 Qe6 19. Qd7 Qxd7 20. Rxd7
Bf6 21. c4 a5 22. c5 Nb4 23. a3 Nc2 24. Ba6 Nxa3 25. Rbd1 Ra8 26. Bb7 Rad8 27.
c6 Nb5 28. Bb6 Rxd7 29. cxd7 a4 30. d8=Q Bxd8 31. Bxd8 a3 32. Bb6 a2 33. Ra1 Nc3
34. Ba5 Rb8 35. Bxc3 Rxb7 36. Kf1 Ra7 37. Ke2 f5 38. Bd2 Kf7 39. Kd1 Ke6 40. Kc2
Ke5 41. g3 Kd4 42. Be3+ 1-0

[Event "PRO League Eastern 2017"]
[Site "chess.com INT"]
[Date "2017.01.25"]
[Round "3"]
[White "Dhulipalla, Bala Chandra Prasad"]
[Black "Vaibhav, Suri"]
[Result "1-0"]
[BlackTitle "GM"]
[WhiteElo "2353"]
[BlackElo "2552"]
[WhiteTeam "Amaravati Yodhas"]
[BlackTeam "Delhi Dynamite"]
[WhiteFideId "25005812"]
[BlackFideId "5045185"]
[EventDate "2017.01.11"]

1. d4 Nf6 2. Bf4 d5 3. e3 c5 4. Nf3 Nc6 5. Nbd2 e6 6. c3 Nh5 7. Bg5 Qb6 8. dxc5
Bxc5 9. b4 Be7 10. b5 Na5 11. Bxe7 Kxe7 12. Qa4 Rd8 13. c4 Nxc4 14. Bxc4 dxc4
15. Nxc4 Qc5 16. O-O Bd7 17. Nce5 Bxb5 18. Qh4+ Nf6 19. Rfc1 Qd6 20. e4 Rac8 21.
Rcb1 Ba6 22. Ng4 e5 23. Ngxe5 Qe6 24. Nxf7 Qxf7 25. e5 h6 26. Qb4+ Ke8 27. exf6
Qxf6 28. Re1+ Kf7 29. Qb3+ Kf8 30. Ne5 Rc5 31. Qa3 b6 32. Ng4 Qf4 33. Qxa6 Qxg4
34. Qxa7 Qd4 35. Qxb6 Kg8 36. h3 Kh7 37. Qb1+ Kh8 38. Rd1 Qxd1+ 39. Qxd1 Rxd1+
40. Rxd1 Ra5 41. Rd2 Kg8 42. Kf1 Kf7 43. Ke2 Ra3 44. Kd1 Ke6 45. Kc2 h5 46. Kb2
Ra5 47. Kb3 Rb5+ 48. Kc4 Ra5 49. Kb4 Re5 50. a4 h4 51. a5 Rg5 52. a6 1-0

[Event "PRO League Eastern 2017"]
[Site "chess.com INT"]
[Date "2017.01.25"]
[Round "3"]
[White "Swayams, Mishra"]
[Black "Beletic, Daniel"]
[Result "1-0"]
[WhiteTitle "IM"]
[BlackTitle "FM"]
[WhiteElo "2491"]
[BlackElo "2286"]
[WhiteTeam "Odisha Express"]
[BlackTeam "Ljubljana Direwolves"]
[WhiteFideId "5028183"]
[BlackFideId "14602709"]
[EventDate "2017.01.11"]

1. d4 Nf6 2. c4 c5 3. d5 b5 4. cxb5 a6 5. bxa6 g6 6. g3 d6 7. Bg2 Bxa6 8. h4 Bg7
9. Nh3 Nbd7 10. Nf4 h6 11. Bd2 Ne5 12. Bc3 O-O 13. Nd2 Qb6 14. O-O c4 15. Qc2
Rfc8 16. Nf3 Nfg4 17. Bh3 Rc7 18. Nxg6 fxg6 19. Bxg4 Nxg4 20. Qxg6 Nf6 21. Nd4
Bc8 22. Nc6 Bh3 23. Rfd1 e5 24. a4 Rxc6 25. dxc6 Qxc6 26. f3 Be6 27. a5 Bf7 28.
Qf5 Nd5 29. Bd2 Qc5+ 30. Kg2 Qe3 31. Kf1 Qxd2 32. Qxf7+ Kxf7 33. Rxd2 Ke6 34. e4
Nb4 35. Ra4 Nc6 36. Rxc4 Nd4 37. b4 Nxf3 38. Rd5 Rf8 39. Ke2 Nd4+ 40. Ke1 Nf3+
41. Kd1 Nd4 42. a6 Rf1+ 43. Kd2 Ra1 44. Rcxd4 exd4 45. Ra5 Rxa5 46. bxa5 1-0

[Event "PRO League Eastern 2017"]
[Site "chess.com INT"]
[Date "2017.01.25"]
[Round "3"]
[White "Swayams, Mishra"]
[Black "Pavasovic, Dusko"]
[Result "1-0"]
[WhiteTitle "IM"]
[BlackTitle "GM"]
[WhiteElo "2491"]
[BlackElo "2548"]
[WhiteTeam "Odisha Express"]
[BlackTeam "Ljubljana Direwolves"]
[WhiteFideId "5028183"]
[BlackFideId "14600986"]
[EventDate "2017.01.11"]

1. d4 d5 2. c4 e6 3. Nf3 Nf6 4. Bg5 h6 5. Bh4 Bb4+ 6. Nc3 dxc4 7. e3 b5 8. Be2
Bb7 9. O-O a6 10. a4 c6 11. Ne5 Nbd7 12. f4 Qb6 13. Bf3 O-O 14. Ne4 Rfe8 15. Bh5
Nxh5 16. Qxh5 Nxe5 17. fxe5 Qc7 18. Rf4 Ra7 19. Raf1 Bc8 20. Nf6+ gxf6 21. Qxh6 1-0

[Event "PRO League Eastern 2017"]
[Site "chess.com INT"]
[Date "2017.01.25"]
[Round "3"]
[White "Bakre, Tejas"]
[Black "Kotepalli, Sai Nirupama"]
[Result "1-0"]
[WhiteTitle "GM"]
[BlackTitle "WFM"]
[WhiteElo "2457"]
[BlackElo "1978"]
[WhiteTeam "Delhi Dynamite"]
[BlackTeam "Amaravati Yodhas"]
[WhiteFideId "5004195"]
[BlackFideId "5039444"]
[EventDate "2017.01.11"]

1. d4 Nc6 2. Nf3 d5 3. Bf4 Bf5 4. e3 e6 5. Be2 Bd6 6. Bg3 Nf6 7. O-O O-O 8. c4
Ne4 9. Nc3 Nxc3 10. bxc3 dxc4 11. Bxc4 Bxg3 12. hxg3 Qf6 13. Bd3 Bg4 14. Rb1
Rab8 15. Be4 Bxf3 16. gxf3 Na5 17. Kg2 Qe7 18. f4 f5 19. Bd3 b6 20. Rh1 Rbd8 21.
g4 c5 22. Qf3 Qb7 23. Qxb7 Nxb7 24. Bc4 Rd6 25. gxf5 Rxf5 26. Bd3 Rf6 27. Bxh7+
Kf7 28. Be4 Na5 29. dxc5 bxc5 30. Rb5 Nc4 31. Rb7+ Kg8 32. Rh8+ 1-0

[Event "PRO League Eastern 2017"]
[Site "chess.com INT"]
[Date "2017.01.25"]
[Round "3"]
[White "Balabaev, Timur"]
[Black "Kunte, Abhijit"]
[Result "1-0"]
[WhiteTitle "IM"]
[BlackTitle "GM"]
[WhiteElo "2393"]
[BlackElo "2491"]
[WhiteTeam "Shymkent Nomads"]
[BlackTeam "Mumbai Movers"]
[WhiteFideId "13700847"]
[BlackFideId "5002265"]
[EventDate "2017.01.11"]

1. e4 e5 2. Nf3 Nc6 3. Bb5 a6 4. Ba4 Nf6 5. O-O Be7 6. Re1 b5 7. Bb3 d6 8. a4
Bd7 9. c3 O-O 10. d4 h6 11. Nbd2 Re8 12. Nf1 Bf8 13. Ng3 Bg4 14. d5 Na5 15. Bc2
c6 16. dxc6 Qc7 17. axb5 axb5 18. Qe2 Qxc6 19. h3 Be6 20. Bd3 Reb8 21. Be3 Nc4
22. Ba7 Rb7 23. Be3 Rxa1 24. Rxa1 Nxe3 25. Qxe3 b4 26. Ra6 Qc7 27. Bf1 bxc3 28.
bxc3 Rb3 29. Ne2 Qb7 30. Nc1 Rb1 31. Bd3 Rb2 32. Ne2 Nd7 33. Ra7 Qb8 34. Ra1 Nc5
35. Ng3 Qb3 36. Be2 Rb1+ 37. Rxb1 Qxb1+ 38. Kh2 g6 39. Nd2 Qc1 40. Bg4 h5 41.
Bxe6 Nxe6 42. Nc4 Qxe3 43. Nxe3 Nc5 44. f3 Bh6 45. Nd5 Kg7 46. Nf1 f5 47. exf5
gxf5 48. Ng3 Kg6 49. Ne7+ Kf7 50. Nexf5 Bf4 51. Nxd6+ Ke6 52. Nf5 Nd3 53. Ng7+
Kd5 54. Nxh5 1-0

[Event "PRO League Eastern 2017"]
[Site "chess.com INT"]
[Date "2017.01.25"]
[Round "3"]
[White "Balabaev, Timur"]
[Black "Mohammad, Nubairshah Shaikh"]
[Result "1-0"]
[WhiteTitle "IM"]
[BlackTitle "IM"]
[WhiteElo "2393"]
[BlackElo "2412"]
[WhiteTeam "Shymkent Nomads"]
[BlackTeam "Mumbai Movers"]
[WhiteFideId "13700847"]
[BlackFideId "5053196"]
[EventDate "2017.01.11"]

1. e4 c5 2. Nf3 e6 3. d4 cxd4 4. Nxd4 a6 5. Bd3 Bc5 6. Nb3 Be7 7. Qg4 Bf6 8. O-O
Nc6 9. f4 d6 10. Nc3 Nge7 11. Be3 O-O 12. Rad1 Qc7 13. Nd2 b5 14. e5 dxe5 15.
Nde4 Ng6 16. Nxf6+ gxf6 17. f5 exf5 18. Nd5 fxg4 19. Nxc7 Rb8 20. Bc5 Rd8 21.
Rxf6 Nd4 22. Nxa6 Bxa6 23. Rxa6 Nf4 24. Re1 Nxd3 25. cxd3 Ne6 26. Bd6 Rb7 27.
Re4 h5 28. Rxe5 Rbd7 29. Bb4 Rxd3 30. Rxh5 Rc8 31. Bc3 Nd4 32. Rd6 Rcxc3 33.
bxc3 Ne2+ 34. Kf2 Rxd6 35. Kxe2 Ra6 36. Rg5+ Kf8 37. Rxg4 Rxa2+ 38. Kd3 Ke7 39.
h4 f5 40. Rg6 Ra4 41. h5 Rh4 42. h6 Kf7 43. Rb6 Rh2 44. Rxb5 Kg6 45. Rb8 f4 46.
c4 Rh1 47. Rb6+ Kh7 48. c5 Rc1 49. Rc6 Rd1+ 50. Ke4 Rg1 51. Kxf4 Rxg2 52. Re6
Rc2 53. c6 Rc1 54. Ke5 Rc2 55. Kd6 Rd2+ 56. Ke7 Rc2 57. Kd7 Rd2+ 58. Rd6 Rf2 59.
c7 Rc2 60. Kd8 Rc1 61. Rd7+ Kxh6 62. c8=Q Rg1 63. Rd6+ Kh5 64. Qf5+ Rg5 65. Qf3+ 1-0

[Event "PRO League Eastern 2017"]
[Site "chess.com INT"]
[Date "2017.01.25"]
[Round "3"]
[White "Satyapragyan, Swayangsu"]
[Black "Beletic, Daniel"]
[Result "1-0"]
[WhiteTitle "IM"]
[BlackTitle "FM"]
[WhiteElo "2462"]
[BlackElo "2286"]
[WhiteTeam "Odisha Express"]
[BlackTeam "Ljubljana Direwolves"]
[WhiteFideId "5004306"]
[BlackFideId "14602709"]
[EventDate "2017.01.11"]

1. e4 g6 2. d4 Bg7 3. Nc3 d6 4. Nf3 Nf6 5. Be2 O-O 6. O-O e6 7. h3 a6 8. a4 b6
9. Re1 Bb7 10. Bf1 Nc6 11. Bf4 h6 12. Qd2 Kh7 13. Rad1 Ne7 14. Bh2 Nd7 15. Qc1
Qe8 16. Bc4 Rd8 17. Bg3 Nf6 18. Bd3 Kh8 19. Bh4 Nh7 20. Bf1 f6 21. Bg3 Qf7 22.
Bc4 c6 23. Bb3 Rd7 24. Nd2 d5 25. exd5 cxd5 26. Ne2 g5 27. c3 f5 28. f4 g4 29.
Bc2 Nf6 30. hxg4 Nxg4 31. Nf3 Qh5 32. Bh4 Ng6 33. Ng3 Qxh4 34. Nxh4 Nxh4 35.
Rxe6 Rdf7 36. Rde1 Bc8 37. Re7 Rxe7 38. Rxe7 Bf6 39. Rc7 Rg8 40. Qe1 Ng6 41.
Rxc8 1-0

[Event "PRO League Eastern 2017"]
[Site "chess.com INT"]
[Date "2017.01.25"]
[Round "3"]
[White "Vertetics, Attila"]
[Black "Agdestein, Simen"]
[Result "1-0"]
[WhiteTitle "IM"]
[BlackTitle "GM"]
[WhiteElo "2416"]
[BlackElo "2602"]
[WhiteTeam "Budapest Gambit"]
[BlackTeam "Norway Gnomes"]
[WhiteFideId "723720"]
[BlackFideId "1500015"]
[EventDate "2017.01.11"]

1. d4 Nf6 2. c4 e6 3. Nf3 b6 4. a3 Bb7 5. Nc3 d5 6. Bg5 Be7 7. e3 O-O 8. Bd3
Nbd7 9. O-O h6 10. Bh4 c5 11. Qe2 Ne4 12. Bxe7 Qxe7 13. cxd5 exd5 14. Ba6 Nxc3
15. bxc3 Bxa6 16. Qxa6 Nf6 17. a4 Ne4 18. a5 Nxc3 19. axb6 axb6 20. Qxa8 Rxa8
21. Rxa8+ Kh7 22. dxc5 bxc5 23. Ra3 Ne2+ 24. Kh1 c4 25. Ra2 Nc3 26. Rc2 Nb5 27.
Rb2 Qc5 28. Rc1 Qa3 29. Rbc2 g5 30. h3 Kg7 31. Kg1 Qb4 32. Rd2 Qa3 33. Rcd1 Nc3
34. Re1 Kf6 35. Nd4 h5 36. Ne2 Nxe2+ 37. Rdxe2 Ke5 38. Rd1 Qb3 39. Rc1 g4 40.
hxg4 hxg4 41. Rec2 g3 42. Rc3 gxf2+ 43. Kxf2 Qb6 44. R1c2 f5 45. g3 Qa5 46. Rc1
Ke4 47. R1c2 Qb4 48. Kg2 Ke5 49. Kf2 Kd6 50. Kf3 Ke5 51. g4 fxg4+ 52. Kxg4 Qf8
53. Kg3 Ke4 54. Kg2 Qf3+ 55. Kg1 Qd1+ 56. Kf2 Ke5 57. Rc1 Qd2+ 58. Kf3 Qh2 59.
R1c2 Qh3+ 60. Ke2 Ke4 61. Kd2 Qf1 62. Ra3 Qf2+ 63. Kc1 Qe1+ 64. Kb2 Qb4+ 65. Ka2
Kf3 66. Rac3 Qa5+ 67. Kb2 Qb6+ 68. Ka2 Qg6 69. Ka1 Ke4 70. Ka2 Qg1 71. Kb2 Qf1
72. Ka2 Qe1 73. Kb2 Ke5 74. Ka2 Kd6 75. Rc1 Qf2+ 76. R1c2 Qe1 77. Rc1 Qe2+ 78.
R1c2 Qg4 79. Rd2 Kc5 80. Rdc2 Qe2 81. Rxe2 1-0

[Event "PRO League Eastern 2017"]
[Site "chess.com INT"]
[Date "2017.01.25"]
[Round "3"]
[White "Vertetics, Attila"]
[Black "Nilsen, Joachim Birger"]
[Result "0-1"]
[WhiteTitle "IM"]
[BlackTitle "FM"]
[WhiteElo "2416"]
[BlackElo "2433"]
[WhiteTeam "Budapest Gambit"]
[BlackTeam "Norway Gnomes"]
[WhiteFideId "723720"]
[BlackFideId "1506331"]
[EventDate "2017.01.11"]

1. d4 d5 2. Nf3 Nf6 3. c4 e6 4. Bg5 Bb4+ 5. Nc3 dxc4 6. Qa4+ Nc6 7. e3 Bd7 8.
Qc2 b5 9. Be2 a6 10. O-O Be7 11. Rfd1 O-O 12. Bxf6 Bxf6 13. Ne4 Be7 14. b3 Nb4
15. Qb2 cxb3 16. axb3 Bc6 17. Nc5 Bxc5 18. dxc5 Qf6 19. Qd2 a5 20. Nd4 Rfd8 21.
Qe1 Rxd4 22. Rxd4 Nc2 23. Qc3 Nxd4 24. exd4 a4 25. bxa4 bxa4 26. Bf3 Bxf3 27.
gxf3 h6 28. Ra3 Rb8 29. Qd3 Rb4 0-1

[Event "PRO League Eastern 2017"]
[Site "chess.com INT"]
[Date "2017.01.25"]
[Round "3"]
[White "Vaibhav, Suri"]
[Black "Murali, Krishna G."]
[Result "1-0"]
[WhiteTitle "GM"]
[WhiteElo "2552"]
[BlackElo "2068"]
[WhiteTeam "Delhi Dynamite"]
[BlackTeam "Amaravati Yodhas"]
[WhiteFideId "5045185"]
[BlackFideId "5018030"]
[EventDate "2017.01.11"]

1. d4 Nf6 2. Nf3 g6 3. g3 c5 4. Bg2 cxd4 5. O-O Bg7 6. Nxd4 O-O 7. c4 Nc6 8. Nc2
d6 9. Nc3 Be6 10. b3 Qd7 11. Re1 Rfd8 12. e4 Bg4 13. f3 Bh3 14. Bd2 Bxg2 15.
Kxg2 Rac8 16. Rc1 Qc7 17. Nb5 Qb8 18. Nc3 a6 19. a4 Ne5 20. Bg5 Rd7 21. Nb4 e6
22. Re2 Nxc4 23. bxc4 Rxc4 24. Nca2 Qc8 25. Rxc4 Qxc4 26. Rc2 Qxc2+ 27. Qxc2 1-0

[Event "PRO League Eastern 2017"]
[Site "chess.com INT"]
[Date "2017.01.25"]
[Round "3"]
[White "Vaibhav, Suri"]
[Black "Sai, Krishna G V"]
[Result "0-1"]
[WhiteTitle "GM"]
[BlackTitle "FM"]
[WhiteElo "2552"]
[BlackElo "2339"]
[WhiteTeam "Delhi Dynamite"]
[BlackTeam "Amaravati Yodhas"]
[WhiteFideId "5045185"]
[BlackFideId "5028280"]
[EventDate "2017.01.11"]

1. d4 Nf6 2. Nf3 g6 3. g3 Bg7 4. Bg2 O-O 5. O-O d6 6. c4 Nbd7 7. Nc3 e5 8. e4
Re8 9. Re1 a5 10. h3 c6 11. Be3 exd4 12. Nxd4 Nc5 13. Qc2 Nfd7 14. Rad1 Qc7 15.
b3 Na6 16. f4 Ndc5 17. a3 f5 18. Bf2 fxe4 19. Nxe4 Nxe4 20. Rxe4 Bd7 21. g4 Nc5
22. Rxe8+ Rxe8 23. b4 Ne6 24. Ne2 Rf8 25. Bg3 axb4 26. axb4 Qb6+ 27. Kh1 Qe3 28.
Rxd6 Nd4 29. Nxd4 Bxd4 30. Qd1 Qxg3 31. Rxd4 Re8 32. Re4 Rxe4 33. Bxe4 Qxh3+ 34.
Kg1 Qe3+ 35. Kf1 Qxf4+ 36. Qf3 Qxg4 37. Qxg4 Bxg4 38. Kf2 Kf7 39. Kg3 Be2 40. c5
Kf6 41. Bc2 h5 42. Kf4 g5+ 43. Ke3 Bg4 44. Bd3 Ke5 45. b5 Kd5 46. bxc6 bxc6 0-1